Normal view
MARC view
- Handbook of Industrial Waste Treatment
Entry Topical Term
001 - CONTROL NUMBER
- control field: 126159
003 - CONTROL NUMBER IDENTIFIER
- control field: NUST
005 - DATE AND TIME OF LATEST TRANSACTION
- control field: 20240930091727.0
008 - FIXED-LENGTH DATA ELEMENTS
- fixed length control field: 240930|| aca||aabn | a|a d
040 ## - CATALOGING SOURCE
- Original cataloging agency: NUST
- Transcribing agency: NUST
150 ## - HEADING--TOPICAL TERM
- Topical term or geographic name entry element: Handbook of Industrial Waste Treatment
670 ## - SOURCE DATA FOUND
- Source citation: Work cat.: (NUST): Lawrence K. Wang 126157, Handbook of Industrial Waste Treatment , 1992.
